000 00640nam a2200241Ia 4500
999 _c761
_d761
001 380293
003 EC-QuCCB
007 ta
008 130917s1970 ag gr 000 0 spa d
040 _aEC-QuCCB
041 1 _aspa
082 _a813
_bA2654
100 1 _aAgee, James,
_9242
_d1909-1955
245 1 0 _aUna muerte en la familia
_cJames Agee; Traducción de Lucrecia C. de Mathé
260 _aBuenos Aires, Argentina :
_bEd. Sudamericana
_c1970
336 _atexto
_btxt
337 _ano mediado
_bn
338 _avolumen
_bnc
590 _appl
650 4 _aLiteratura (novela
650 4 _aLiteratura norteamericana
942 _2ddc
_cBK